Mappa province d'Italia (aggiornata 2026) - Statistics

Statistiche generali
  • Questo quiz è stato fatto 103 volte
  • Il punteggio medio è 83 su 110
Risposte nella Mappa
Le risposte nella mappa del quiz sottostante sono codificate secondo una scala di colori dal rosso al verde in base alla % di persone che hanno risposto correttamente.
 
Statistiche sulle risposte
Risposta % Corretto
Milano
89%
Torino
89%
Aosta
87%
Genova
87%
Brescia
86%
Como
86%
Firenze
86%
Lecco
86%
Livorno
86%
Roma
86%
Bari
84%
Bergamo
84%
Bologna
84%
Mantova
84%
Napoli
84%
Pisa
84%
Reggio Emilia
84%
Udine
84%
Venezia
84%
Bolzano
83%
Foggia
83%
Imperia
83%
La Spezia
83%
Lecce
83%
Reggio Calabria
83%
Savona
83%
Trento
83%
Trieste
83%
Verona
83%
Cuneo
81%
Grosseto
81%
L'Aquila
81%
Lodi
81%
Novara
81%
Parma
81%
Rimini
81%
Vicenza
81%
Cagliari
79%
Cremona
79%
Gorizia
79%
Latina
79%
Messina
79%
Modena
79%
Padova
79%
Palermo
79%
Perugia
79%
Salerno
79%
Sondrio
79%
Terni
79%
Alessandria
78%
Asti
78%
Campobasso
78%
Catania
78%
Pavia
78%
Pescara
78%
Pordenone
78%
Siena
78%
Taranto
78%
Vercelli
78%
Crotone
76%
Enna
76%
Frosinone
76%
Isernia
76%
Macerata
76%
Matera
76%
Pistoia
76%
Potenza
76%
Prato
76%
Ravenna
76%
Sassari
76%
Viterbo
76%
Biella
75%
Caserta
75%
Catanzaro
75%
Ferrara
75%
Lucca
75%
Nuoro
75%
Arezzo
73%
Brindisi
73%
Caltanissetta
73%
Cosenza
73%
Oristano
73%
Piacenza
73%
Rovigo
73%
Siracusa
73%
Treviso
73%
Agrigento
71%
Ancona
71%
Belluno
71%
Benevento
71%
Massa Carrara
71%
Rieti
71%
Trapani
71%
Varese
71%
Vibo Valentia
71%
Avellino
70%
Chieti
68%
Ragusa
68%
Teramo
68%
Ascoli Piceno
67%
Fermo
67%
Pesaro Urbino
67%
Forlì Cesena
63%
Monza Brianza
62%
Barletta Andria Trani
54%
Verbano Cusio Ossola
49%
Medio Campidano
32%
Ogliastra
32%
Sulcis Iglesiente
19%
Gallura Nord Est Sardegna
13%
Nessun quiz corrispondente trovato
Distribuzione punteggi
Percentuale di utenti per punteggio
Percentile per numero di risposta
I tuoi punteggi nel tempo
Non hai fatto questo quiz